Loading...
| Current Events | 2 | 10.00 | 100% | 0% | 0% |
| Fine Arts - Classical Music | 4 | 15.00 | 100% | 50% | 0% |
| Fine Arts - Other | 4 | 12.50 | 100% | 25% | 0% |
| Geography | 3 | 23.33 | 100% | 100% | 33% |
| History - American | 6 | 13.33 | 100% | 33% | 0% |
| History - European | 7 | 24.29 | 100% | 86% | 57% |
| History - Other | 4 | 17.50 | 100% | 50% | 25% |
| History - World | 6 | 21.67 | 100% | 83% | 33% |
| Literature - American | 4 | 12.50 | 75% | 25% | 25% |
| Literature - British | 2 | 5.00 | 50% | 0% | 0% |
| Literature - European | 6 | 16.67 | 83% | 50% | 33% |
| Literature - World | 2 | 10.00 | 100% | 0% | 0% |
| Mythology | 6 | 20.00 | 83% | 83% | 33% |
| Painting/Sculpture | 5 | 14.00 | 100% | 40% | 0% |
| Philosophy | 5 | 14.00 | 80% | 40% | 20% |
| Pop Culture | 4 | 7.50 | 50% | 25% | 0% |
| Religion | 4 | 10.00 | 75% | 25% | 0% |
| Science - Biology | 4 | 17.50 | 100% | 75% | 0% |
| Science - Chemistry | 6 | 15.00 | 100% | 33% | 17% |
| Science - Other | 6 | 16.67 | 100% | 67% | 0% |
| Science - Physics | 3 | 13.33 | 100% | 33% | 0% |
| Social Science | 2 | 10.00 | 100% | 0% | 0% |